Deliberative democracy (Record no. 210913)

MARC details
000 -CABECERA
campo de control de longitud fija 00678cam a22002057a 4500
003 - IDENTIFICADOR DEL NÚMERO DE CONTROL
campo de control MX-MxUPN
005 - FECHA Y HORA DE LA ÚLTIMA TRANSACCIÓN
campo de control 20240913130815.0
008 - ELEMENTOS DE LONGITUD FIJA--INFORMACIÓN GENERAL
campo de control de longitud fija 240202s1999 mx| |||fr|||| 000 0 spa d
040 ## - FUENTE DE LA CATALOGACIÓN
Centro catalogador/agencia de origen MX-MxUPN
Lengua de catalogación spa
041 0# - CÓDIGO DE IDIOMA
Código de lengua del texto/banda sonora o título independiente eng
050 #4 - SIGNATURA TOPOGRÁFICA DE LA BIBLIOTECA DEL CONGRESO
Número de clasificación JC423
Número de documento/Ítem W37 1999
100 1# - ASIENTO PRINCIPAL--NOMBRE PERSONAL
9 (RLIN) 53580
Nombre de persona Warren, Mark
Forma completa/desarrollada del nombre (Mark E.)
245 10 - MENCIÓN DE TÍTULO
Título Deliberative democracy
260 ## - PUBLICACIÓN, DISTRIBUCIÓN, ETC.
Lugar de publicación, distribución, etc. México, D.F. :
Nombre del editor, distribuidor, etc. Facultad Latinoamericana de Ciencias Sociales, Sede Académica México,
Fecha de publicación, distribución, etc. 2000
300 ## - DESCRIPCIÓN FÍSICA
Extensión 33 páginas
490 0# - MENCIÓN DE SERIE
Mención de serie Doctorado en ciencia política : documentos de trabajo ;
Designación de volumen o secuencia 1
650 #7 - ASIENTO SECUNDARIO DE MATERIA - TERMINO TEMATICO
9 (RLIN) 53582
Término de materia o nombre geográfico como elemento de entrada Democracia deliberativa
902 ## - ELEMENTOS DE DATOS B LOCAL, LDB (RLIN)
Creó MarielOrtiz/020224
Modificó VíctorGodínez/130924
942 ## - ELEMENTOS DE PUNTO DE ACCESO ADICIONAL (KOHA)
Fuente del sistema de clasificación o colocación Library of Congress Classification
Tipo de ítem Koha Libro
Holdings
Estado de retiro Estado de pérdida Fuente del sistema de clasificación o colocación Estado dañado No para préstamo Código de colección Localización permanente Ubicación/localización actual Ubicación en estantería Fecha de adquisición Clasificación Código de barras Fecha visto por última vez Tipo de ítem Koha
    Library of Congress Classification   Disponible (Préstamo en sala) Folletería Bib. Gregorio Torres Quintero Bib. Gregorio Torres Quintero Colecciones especiales Planta alta 14/02/2024 JC423 W37 1999 198762 02/02/2024 Folleto